000 00278nam a22001217a 4500
008 251006b |||||||| |||| 00| 0 eng d
040 _a17
100 _aKumar.N
245 _aPlay and learn Wrestling
260 _aNew Delhi
_bKhel sahitya kendra
300 _a111
942 _c01
999 _c66434
_d66434